000 01498nam0a22003011 4500
001 v19\rc\1912777
005 20251118180604.0
035 _a(NLR Aleph) 005000894
090 _a6385419
_c6385419
100 _a20080404d1911 |||y0rusy50 ca
101 0 _arus
102 _aRU
105 _aa z |||||
200 1 _aМой мирок
_e12 стен. табл. с объясн. текстом
_eПособие при обуч. род. и иностр. яз.
_fГ.Г. Тумим, преп. восьмиклас. коммерч. уч-ща в Лесном
210 _aСанкт-Петербург
_cН.П. Карбасников
_d1911
215 _a35 с.
_cил.
_d23
311 _aТумим, Георгий Григорьевич. [Альбом]/Сост. Г.Г. Тумим/Рис. Л.Н. Морозов, [1911] (шифр: 37.10.1.37)
421 0 _11010#$arus
_12001#$a[Альбом]$fСост. Г.Г. Тумим$gРис. Л.Н. Морозов
_1210##$d[1911]
_1215##$a12 л. цв. ил.$d72х45
_1700#1$aТумим$bГ.Г.$f1870-$gГеоргий Григорьевич$4220
_1899##$aNLR$j37.10.1.37
700 1 _aТумим
_bГ. Г.
_f1870-
_gГеоргий Григорьевич
801 0 _aRU
_bNLR
_gpsbo
801 0 _aRU
_bRuMoRGB
_2psbo
801 1 _aRU
_bProSoft-M
_2rusmarc
852 _aNLR
_j37.10.1.37
899 _aRuMoRGB
_jU 74/142
_y(без альбома)
899 _aRuMoRGB
_jJ 129/3
_y(без альбома)
899 _aБАН
_y(без альбома)
942 _cBOOK
980 _aNB